000 00716nam a2200277Ia 4500
008 171120s9999 xx 000 0 und d
020 _a9.7897193447e+012
050 _a759.95
050 _bM394 2007
100 _aMasangkay, Nik
245 _aPhilippines /
245 _cby Nic Masangkay ; edited by Marlene Aguilar.
250 _aFirst edition
260 _aPhilippines :
260 _bJamayco Publishing House,
260 _c2007
300 _a170 pages :
300 _bcolor illustrations ;
300 _c29cm.
650 _aArtists --
650 _aArts, Philippines.
650 _aWater color painting.
650 _xPhilippines.
700 _aAguilar, Marlene P.
700 _aTitle.
999 _c345423
_d345423